| 000 | 01903nab a2200265 a 4500 | ||
|---|---|---|---|
| 005 | 20230214064111.0 | ||
| 008 | 991125s1985 mx 000 0 spa u | ||
| 035 | _aUPN01000199911 | ||
| 049 | _aART | ||
| 100 | 1 |
_aSerrano Castañeda, José Antonio _930005 |
|
| 100 | 1 | _userrano_aj@hotmail.com | |
| 100 | 1 | _aRamos Morales, Juan Mario | |
| 100 | 1 | _ujuanmarioramos@hotmail.com | |
| 222 | _aREVISTA MEXICANA DE INVESTIGACION EDUCATIVA | ||
| 245 | _aBoceto del espacio biográfico-educativo en México : 2003-2013 | ||
| 300 | _a831-858 | ||
| 362 | 0 | _a2014 Vol 19, no. 62 (3), jul.-sept. | |
| 520 | _aEl presente trabajo muestra dos vías posibles en el debate sobre el movimiento biográfico en Brasil. La primera ruta se centra en la noción de campo y territorios de indagación (auto)biográfica; sobre ella el texto muestra las características peculiares de los trabajos emprendidos en el posgrado en este contexto; y señala el lugar ocupado por los grupos de investigación y la constitución de redes nacionales reunidas alrededor de la Associação Brasileira de Pesquisa (Auto)biográfica (biograph) y de sus relaciones internacionales con América Latina y con Europa. Sobre la segunda ruta presenta resultados de la investigación “Ruralidades diversas-diversas ruralidades: sujeitos, instituições e práticas pedagógicas nas escolas do campo, Bahia-Brasil’ (fapesb; cnpq), como acción del Grupo de Pesquisa (Auto)biografia, Formação e História Oral (grafho) de la Universidade do Estado da Bahia, tiene como encuadre el estado de arte de las prácticas de grupos multigrado en la última década | ||
| 653 | 0 | _aBIOGRAFIAS | |
| 653 | 0 | _aHISTORIAS DE VIDA | |
| 653 | 0 | _aMEXICO | |
| 856 | 4 | _uhttp://www.redalyc.org/articulo.oa?id=14031461009 | |
| 856 | 4 | _uhttp://www.comie.org.mx/v1/revista/portal.php?idm=es&sec=SC03&&sub=SBB&criterio=ART62008 | |
| 905 | _aArticulo | ||
| 999 |
_c172012 _d172012 |
||